000 00258nmm a2200085Ia 4500
008 220120s9999||||xx |||||||||||||||||und||
100 _aLinux for you
245 0 _aKnoppix-7.2.0, sabayon Linux 13.8, Centos 6.4, Zorin os7.
260 _aCyber media Pvt. Ltd.
_c2013
999 _c139867
_d139867